Normal view
MARC view
Entry Personal Name
001 - CONTROL NUMBER
- control field: 44541
003 - CONTROL NUMBER IDENTIFIER
- control field: ARRUPE
005 - DATE AND TIME OF LATEST TRANSACTION
- control field: 20190212112720.0
008 - FIXED-LENGTH DATA ELEMENTS
- fixed length control field: 190212|| aca||aabn | a|a d
040 ## - CATALOGING SOURCE
- Original cataloging agency: ARRUPE
- Transcribing agency: ARRUPE
100 ## - HEADING--PERSONAL NAME
- Personal name: Ravier, André.
670 ## - SOURCE DATA FOUND
- Source citation: Work cat.: (ARRUPE)0: Ravier, André., A do-it-at-home retreat :, c1991.